000 01242cam a22002771i 4500
003 SA-RiAUC
005 20241120122908.0
008 241116q19001999||| g i 001 0 ara c
040 _aSA-JeALM
_bara
_cSA-RiAUC
_erda
082 0 4 _a221.3
090 _aن 221.3
_b م ن ي
100 0 _aمنير عبده،
_dتوفي 1948
_eمؤلف.
245 1 0 _aإرشاد الراغبين في الكشف عن آي القرآن المبين /
_cمحمد منير الدمشقي. يليه مقدمة في علم التفسير / الدهلوي.
264 1 _a[مكان النشر غير محدد] :
_bإدارة الطباعة المنيرة،
_c1927
300 _a261 صفحة؛
_c29 سم.
336 _aنص
_btxt
_2rdacontent
_3كتاب
337 _aبدون وسيط
_bn
_2rdamedia
338 _aمجلد
_bnc
_2rdacarrier
630 2 7 _aالقرآن
_vفهارس الآيات
_2aucut
630 2 7 _aالقرآن
_vكشافات
_2aucut
700 1 2 _aشاه ولي الله، أحمد بن عبد الرحيم الفاروقي،
_d1110-1176 هجري.
_tمقدمة في علم التفسير.
730 2 2 _aالقرآن
740 0 2 _aمقدمة في علم التفسير.
942 _2ddc
_cRARE BOOK
_n0
949 _aSA-JeALM
_d241116
_umohamedma123
_n1
999 _c2575
_d2575